000 00991nam a22002177a 4500
005 20240404104402.0
008 240404b ||||| |||| 00| 0 eng d
040 _aCO-BoUCM
_cDavid Moreno
_dDavid Moreno
041 _aeng
245 1 0 _aChristmas Carols and Folk Songs
_bA Collection of 39 Corals of English, German, French,, Swedish, Russian and Norwegian Origin
_ccollected edited and arranged by the faculty and students of the college of education university of minnesota
260 _aMinneapolis
_bPaul A Schmitt Music
_c1944
300 _a44 Páginas
500 _aUna colección de treinta y nueve villancicos de origen inglés, alemán, francés, sueco, ruso y noruego
600 1 _aJohn Leslie Paper Co
_9180457
650 1 4 _aLibro de música
_9180458
650 1 4 _aVillancicos de Navidad
_9180459
650 1 4 _aCanciones populares
_97367
650 1 4 _aMúsica vintage
_9180460
942 _2DEWEY
_a17
_cLIBRO
_e1
_h782.42
_mC555c
_n0
999 _c324082
_d324082